<?xml version="1.0" encoding="UTF-8"?><?xml-stylesheet type="text/xsl" href="static/style.xsl"?><OAI-PMH xmlns="http://www.openarchives.org/OAI/2.0/" xmlns:xsi="http://www.w3.org/2001/XMLSchema-instance" xsi:schemaLocation="http://www.openarchives.org/OAI/2.0/ http://www.openarchives.org/OAI/2.0/OAI-PMH.xsd"><responseDate>2026-05-12T09:49:27Z</responseDate><request verb="GetRecord" identifier="oai:riubu.ubu.es:10259/11479" metadataPrefix="marc">https://riubu.ubu.es/oai/request</request><GetRecord><record><header><identifier>oai:riubu.ubu.es:10259/11479</identifier><datestamp>2026-03-17T01:05:32Z</datestamp><setSpec>com_10259_2685</setSpec><setSpec>com_10259_2684</setSpec><setSpec>col_10259_2688</setSpec></header><metadata><record xmlns="http://www.loc.gov/MARC21/slim" xmlns:doc="http://www.lyncode.com/xoai" xmlns:xsi="http://www.w3.org/2001/XMLSchema-instance" xmlns:dcterms="http://purl.org/dc/terms/" xsi:schemaLocation="http://www.loc.gov/MARC21/slim http://www.loc.gov/standards/marcxml/schema/MARC21slim.xsd">
<leader>00925njm 22002777a 4500</leader>
<datafield tag="042" ind1=" " ind2=" ">
<subfield code="a">dc</subfield>
</datafield>
<datafield tag="720" ind1=" " ind2=" ">
<subfield code="a">Martínez Crespo, David</subfield>
<subfield code="e">author</subfield>
</datafield>
<datafield tag="260" ind1=" " ind2=" ">
<subfield code="c">2026-03</subfield>
</datafield>
<datafield tag="520" ind1=" " ind2=" ">
<subfield code="a">El Álgebra es la rama de las matemáticas que estudia las estructuras algebraicas y&#xd;
las funciones naturales entre ellas llamadas homomorfismos. Por estructura algebraica&#xd;
entendemos un conjunto de elementos en el que se introducen una o varias operaciones.&#xd;
El Álgebra Lineal es la rama de las matemáticas que estudia los espacios vectoriales y las aplicaciones lineales que corresponden a los homomorfismos entre espacios&#xd;
vectoriales.&#xd;
En este curso nos adentraremos en el área del Álgebra Lineal partiendo del estudio&#xd;
de las soluciones a una o varias ecuaciones lineales.</subfield>
</datafield>
<datafield tag="024" ind2=" " ind1="8">
<subfield code="a">https://hdl.handle.net/10259/11479</subfield>
</datafield>
<datafield tag="245" ind1="0" ind2="0">
<subfield code="a">Álgebra lineal</subfield>
</datafield>
</record></metadata></record></GetRecord></OAI-PMH>